| 000 | 00675nam a22001817a 4500 | ||
|---|---|---|---|
| 008 | 151124b xxu||||| |||| 00| 0 eng d | ||
| 020 | _a18808810522 | ||
| 050 | _aBX3756.N172C767 2003 | ||
| 100 |
_aConwell, Joseph F. _921176 |
||
| 245 |
_aWalking in the spirit _ba reflection on Jeronimo Nadal's phrase "contemplative likewise in action" _cJoseph F. Conwell |
||
| 260 |
_aSaint Louis _bInstitute of Jesuit Sources _c2003 |
||
| 300 |
_axxii, 297p.; _c23cm. |
||
| 440 |
_aOriginal studies composed in English _n17 _921177 |
||
| 650 |
_aNadal, Jerome _921178 |
||
| 650 |
_aJesuits _xSpiritual life _921179 |
||
| 650 |
_aPrayer _xCatholic church _911389 |
||
| 942 |
_2lcc _cMONOGRAPH |
||
| 999 |
_c123817 _d123817 |
||